00475nam a2200193 a 4500001001300000003000900013005001700022008004100039020001000080082001800090100001800108245001600126260004000142300000900182500003500191505001700226650002000243700001800263nice12345678IN_TiNIC20260116015223.0050524s1973 newa grp 000 0 eng  ac25000a294.5513bBUC aBuck, William aMahabharata aNew YorkbMeridian Books, Incc1973 a249p aincludes index and biblioraphy2 aNotes, Index aMythology-Hindu1 aBuck, William